000 00343nam a2200145Ia 4500
008 230718s9999 xx 000 0 und d
041 _aEng.
082 _a345.5491
_bSUD-P
100 _aSudhi, Ahmad Khurshaid
245 0 _aPakistan Penal Code
260 _aPakistan
_bPunjab Law Book
_c2015
300 _a622
650 _aLaw
999 _c31012
_d31012